<?xml version="1.0" encoding="UTF-8"?><?xml-stylesheet type="text/xsl" href="static/style.xsl"?><OAI-PMH xmlns="http://www.openarchives.org/OAI/2.0/" xmlns:xsi="http://www.w3.org/2001/XMLSchema-instance" xsi:schemaLocation="http://www.openarchives.org/OAI/2.0/ http://www.openarchives.org/OAI/2.0/OAI-PMH.xsd"><responseDate>2026-04-17T10:19:44Z</responseDate><request verb="GetRecord" identifier="oai:www.recercat.cat:2072/455711" metadataPrefix="marc">https://recercat.cat/oai/request</request><GetRecord><record><header><identifier>oai:recercat.cat:2072/455711</identifier><datestamp>2024-11-01T00:08:07Z</datestamp><setSpec>com_2072_98</setSpec><setSpec>col_2072_378192</setSpec></header><metadata><record xmlns="http://www.loc.gov/MARC21/slim" xmlns:dcterms="http://purl.org/dc/terms/" xmlns:xsi="http://www.w3.org/2001/XMLSchema-instance" xmlns:doc="http://www.lyncode.com/xoai" xsi:schemaLocation="http://www.loc.gov/MARC21/slim http://www.loc.gov/standards/marcxml/schema/MARC21slim.xsd">
   <leader>00925njm 22002777a 4500</leader>
   <datafield ind2=" " ind1=" " tag="042">
      <subfield code="a">dc</subfield>
   </datafield>
   <datafield ind2=" " ind1=" " tag="720">
      <subfield code="a">Viñado, A.</subfield>
      <subfield code="e">author</subfield>
   </datafield>
   <datafield ind2=" " ind1=" " tag="720">
      <subfield code="a">Castillejos, Lorena</subfield>
      <subfield code="e">author</subfield>
   </datafield>
   <datafield ind2=" " ind1=" " tag="720">
      <subfield code="a">Barroeta, Ana Cristina</subfield>
      <subfield code="e">author</subfield>
   </datafield>
   <datafield ind2=" " ind1=" " tag="260">
      <subfield code="c">2020</subfield>
   </datafield>
   <datafield ind2=" " ind1=" " tag="520">
      <subfield code="a">An experiment was performed to assess the inclusion of soybean lecithin (SL) in the replacement of soybean oil (SO), for grower and finisher broiler chicken diets (up to 15 d of life), and its effects on performance, fatty acid (FA) absorption, gut health, and saturation degree of the abdominal fat pad (AFP). A total of 1,440 female Ross-308 chickens were distributed in 60 pens and were fed 5 experimental diets. The control diet (T1) was supplemented with SO (grower and finisher diets at 2.00%), and 4 levels of SL were included in replacement: T2 (0.25% in grower and 0.50% in finisher diets), T3 (0.50% in grower and 1.00% in finisher diets), T4 (0.75% in grower and 1.50% in finisher diets), and T5 (1.00% in grower and 2.00% in finisher diets). At day 39, titanium dioxide was added to finisher diets at 5 g/kg to perform a digestibility balance. At day 46, AFP, tissue, and gut digesta samples were collected to characterize FA digestibility, adipose saturation degree, microbial groups, and histomorphometry. No effects were associated with SO replacement by SL on performance (P > 0.05), ileal digestibility of total, saturated and monounsaturated FA (P > 0.05), nor jejunal morphology (P > 0.05). Total replacement of SO by SL reduced ileal absorption of polyunsaturated FA (P &lt; 0.02) and increased jejunal Lactobacillus spp. counts (P = 0.049). Higher levels of SL inclusion (T4 and T5) lowered polyunsaturated FA concentration of the AFP (P = 0.002) and, thus, slightly reduced its unsaturated-to-saturated FA ratio (P = 0.005). Soybean lecithin inclusion did not modify performance parameters, total FA absorption, nor jejunal morphology, however caused changes on polyunsaturated FA absorption, jejunal microbiota, and saturation degree of the AFP. The study demonstrates that soybean lecithin can be included, in combination with or in replacement of soybean oil, as an alternative energy source for grower (up to a 1%) and finisher broiler diets (up to 2%).</subfield>
   </datafield>
   <datafield ind1="8" ind2=" " tag="024">
      <subfield code="a">http://hdl.handle.net/2072/455711</subfield>
   </datafield>
   <datafield tag="653" ind2=" " ind1=" ">
      <subfield code="a">Aviram</subfield>
   </datafield>
   <datafield tag="653" ind2=" " ind1=" ">
      <subfield code="a">Cria i millora</subfield>
   </datafield>
   <datafield tag="653" ind2=" " ind1=" ">
      <subfield code="a">Soybean lecithin</subfield>
   </datafield>
   <datafield tag="653" ind2=" " ind1=" ">
      <subfield code="a">Soybean oil</subfield>
   </datafield>
   <datafield tag="653" ind2=" " ind1=" ">
      <subfield code="a">Fatty acid</subfield>
   </datafield>
   <datafield tag="653" ind2=" " ind1=" ">
      <subfield code="a">Phospholipid</subfield>
   </datafield>
   <datafield tag="653" ind2=" " ind1=" ">
      <subfield code="a">Free fatty acid</subfield>
   </datafield>
   <datafield ind2="0" ind1="0" tag="245">
      <subfield code="a">Soybean lecithin as an alternative energy source for grower and finisher broiler chickens : impact on performance, fatty acid digestibility, gut health, and abdominal fat saturation degree</subfield>
   </datafield>
</record></metadata></record></GetRecord></OAI-PMH>